000 00678nam a2200205 i 4500
001 21034
003 ES-MaACL
005 20230906152415.0
007 t|
008 021120s1887 sp |||| | spa d
100 1 _aAlas, Leopoldo,
_d1852-1901
_9226375
245 1 0 _aNueva campaña
_b: (1885-1886) /
_cLeopoldo Alas (Clarín).
260 _aMadrid :
_bLibrería de Fernando Fé,
_c1887 (
_fImp. de Enrique Rubiños)
300 _a397 p. ;
_c19 cm.
530 _aDisponible en formato digital.
852 _aES-MaACL
_jD-4767
856 _uhttp://bdh-rd.bne.es/viewer.vm?id=0000212992&page=1
_zBiblioteca Digital Hispánica
942 _2udc
999 _c21034
_d21034